Statystyki dla XI Roku 2013 wg. Tygodnika "Piłka Nożna" (spoza Europy)

Kliknij tutaj aby rozwiązać quiz!

Ogólne statystyki

  • Ten quiz został rozwiązany 81 razy
  • Średni wynik to 9 z 11

Statystyki odpowiedzi

PozycjaKrajKlubZawodnik% Poprawnych
PSArgentynaBarcelonaLionel Messi
100%
LSBrazyliaBarcelonaNeymar
100%
ŚNArgentynaManchester CitySergio Aguero
100%
ŚNUrugwajLiverpoolLuis Suarez
99%
LOBrazyliaReal MadrytMarcelo
99%
ŚPWKSManchester CityYaya Toure
97%
ŚPChileJuventusArturo Vidal
96%
ŚOBrazyliaPSGThiago Silva
92%
POArgentynaManchester CityPablo Zabaleta
74%
ŚOBrazyliaBayernDante
66%
BRNigeriaMaccabi / LilleVincent Enyeama
23%

Rozkład punktacji

Percentyl według liczby udzielonych odpowiedzi

Procent ludzi z każdym wynikiem

Twoja historia wyników

Nie rozwiązałeś tego quizu